Fifth Harmony: Who sings? "Work From Home" - Statistics

General Stats
  • This quiz has been taken 297 times
  • The average score is 71 of 78
Answer Stats
Lyric Singer % Correct
I ain't worried 'bout nothing Camila
99%
I ain't wearin' na-nada Camila
98%
I'm seated pretty, impatient Camila
98%
'Cuz I know you gotta Camila
97%
Put in them hours Camila
97%
Imma make it hotter Camila
97%
I'm sending pic after picture Camila
97%
Imma get you fired Camila
97%
I know you're always on the night shift Normani
96%
But I can't spend these nights alone Normani
96%
Let's put this into motion Ally
95%
Imma give you a promotion Ally
95%
I'll make it feel like a vacay Ally
95%
Turn the bed into an ocean Ally
95%
We don't need nobody Ally
95%
I just need your body Ally
95%
Nothing but sheets in between us Ally
95%
Ain't no getting off early Ally
95%
You don't got to go to work Lauren
95%
Work, work, work, work, work, work Lauren
95%
But you gotta do the work Lauren
95%
Work, work, work, work, work, work Lauren
95%
You don't got to go to work Lauren
95%
Work, work, work, work, work, work Lauren
95%
Let my body do the work Lauren
95%
Work, work, work, work, work, work Lauren
95%
We can work from home Lauren
95%
And I don't need no explination Normani
95%
'Cuz baby, you're the boss at home Normani
95%
I know you're always on the night shift Dinah
94%
But I can't spend these nights alone Dinah
94%
And I don't need no explination Dinah
94%
'Cuz baby, you're the boss at home Dinah
94%
Oh-oh, oh-oh Lauren
94%
We can work from home Lauren
94%
Oh-oh, oh-oh Lauren
94%
You don't got to go to work Lauren
93%
Work, work, work, work, work, work Lauren
93%
But you gotta do the work Lauren
93%
Work, work, work, work, work, work Lauren
93%
You don't got to go to work Lauren
93%
Work, work, work, work, work, work Lauren
93%
Let my body do the work Lauren
93%
Work, work, work, work, work, work Lauren
93%
We can work from home Lauren
93%
Oh-oh, oh-oh Lauren
93%
We can work from home Lauren
93%
Oh-oh, oh-oh Lauren
93%
You don't got to go to work Lauren
88%
Work, work, work, work, work, work Lauren
88%
But you gotta do the work Lauren
88%
Work, work, work, work, work, work Lauren
88%
You don't got to go to work Lauren
88%
Work, work, work, work, work, work Lauren
88%
Let my body do the work Lauren
88%
Work, work, work, work, work, work Lauren
88%
We can work from home Lauren
88%
Oh-oh, oh-oh Lauren
88%
We can work from home Lauren
88%
Oh-oh, oh-oh Lauren
88%
Yeah, we can work from home Camila
87%
Oh....Yeah Camila
87%
We can work from home Camila
87%
Oh-oh, oh-oh Camila
87%
Girl gonna work for me Ty Dolla $ign
86%
Can you make a clap? No hands for me Ty Dolla $ign
86%
Take it to the ground, pick it up for me Ty Dolla $ign
85%
Look back at it, all up for me Ty Dolla $ign
85%
Putting work on my time Ty Dolla $ign
85%
She, she ridin' like a '63 Ty Dolla $ign
85%
Imma buy a new Céline Ty Dolla $ign
85%
Let her ride in a foreign with me Ty Dolla $ign
85%
Ooh, she the bae, I'm her boo Ty Dolla $ign
85%
And she doesn't break a brewse Ty Dolla $ign
85%
La-da-da, she gon' go Ty Dolla $ign
85%
I'm on drugs, she finnesin' Ty Dolla $ign
85%
I fight for, she take that Ty Dolla $ign
85%
Putting overtime on her body Ty Dolla $ign
85%
No matching quizzes found
Score Distribution
Percent of People with Each Score
Percentile by Number Answered
Your Score History
You have not taken this quiz